000 00381nam a2200133 i 4500
001 bg
245 0 _aEPRI workshop on basic two phase flew modeling in reactor safety and performance :
_bTampa, Florida, 27 February - 2 March 1979.
260 _aOxford,
_c1980.
040 _cBPK
041 _apol
080 _a536:532
942 _cKS
008 s pl f |000 0 pol
999 _c21086
_d21086
856 _uhttp://koha.tu.koszalin.pl/cgi-bin/koha/opac-detail.pl?biblionumber=21086
_yKatalog online BPK